Normal view
MARC view
- Anwendung.
Entry Topical Term
001 - CONTROL NUMBER
- control field: 2043
003 - CONTROL NUMBER IDENTIFIER
- control field: NUST
005 - DATE AND TIME OF LATEST TRANSACTION
- control field: 20170606115412.0
008 - FIXED-LENGTH DATA ELEMENTS
- fixed length control field: 170606|| aca||aabn | a|a d
040 ## - CATALOGING SOURCE
- Original cataloging agency: NUST
- Transcribing agency: NUST
150 ## - HEADING--TOPICAL TERM
- Topical term or geographic name entry element: Anwendung.
670 ## - SOURCE DATA FOUND
- Source citation: Work cat.: (NUST)0: Hybrid nanocomposites for nanotechnology :, c2009.
